LIBRARY & INFORMATION CENTRE, KCAET, TAVANUR

ONLINE PUBLIC ACCESS CATALOGUE (OPAC)

Crop production and Management / (Record no. 1373)

MARC details
000 -LEADER
fixed length control field 00536cam a2200217ua 4500
041 ## - LANGUAGE CODE
Language code of text/sound track or separate title eng
082 ## - DEWEY DECIMAL CLASSIFICATION NUMBER
Classification number 633.08
Item number MOR/CR
100 ## - MAIN ENTRY--AUTHOR NAME
Personal name Morachan, V.B .
245 ## - TITLE STATEMENT
Title Crop production and Management /
250 ## - EDITION STATEMENT
Edition statement 1 /
260 ## - PUBLICATION, DISTRIBUTION, ETC. (IMPRINT)
Place of publication Newyork :
Name of publisher Oxford & IBH Publishing company ,
Year of publication 1984.
300 ## - PHYSICAL DESCRIPTION
Number of Pages 267 ; .
942 ## - ADDED ENTRY ELEMENTS (KOHA)
Koha item type Books
Holdings
Withdrawn status Lost status Damaged status Home library Current library Date acquired Full call number Accession Number Koha item type
      KAUAET KAUAET 07/04/2012 633.08 14638 Books
      KAUAET KAUAET 21/02/1986 633.08 14955 Books
      KAUAET KAUAET 07/04/2012 633.08 14667 Books
      KAUAET KAUAET 07/04/2012 633.08 14618 Books
free website counter